000 00856nam a22002051i 4500
001 183791
003 ES-MaACL
005 20240821104107.0
008 141015s1849 sp |||| | spa d
080 _a929 Acuña, Antonio de
245 0 0 _aCausa formada en 1526 a D. Antonio de Acuña, obispo de Zamora, por la muerte que dio a Mendo de Noguerol, alcaide de la fortaleza de Simancas /
_cpublicada por el Dr. D.M.S.V.
260 _aValladolid :
_b[s.n.],
_c1849 (
_fImp. de M. Aparicio)
300 _a72 p. ;
_c22 cm.
530 _aDisponible en formato digital.
600 1 4 _aAcuña, Antonio de,
_d1459-1526
_9175883
700 1 _aSangrador Vitores, Matías.
_9103141
852 4 _aES-MaACL
_jT-42-F-5
856 4 _uhttps://bibliotecadigital.jcyl.es/es/consulta/registro.do?id=13579
_zBiblioteca Digital de Castilla y León
999 _c183791
_d183791